书目信息 |
| 题名: |
Mathematical physics
|
|
| 作者: | 杰勒西 著 | |
| 分册: | ||
| 出版信息: | 北京 世界图书出版有限公司北京分公司 2019.09 |
|
| 页数: | 351页 | |
| 开本: | 24cm | |
| 丛书名: | ||
| 单 册: | ||
| 中图分类: | O411.1 | |
| 科图分类: | ||
| 主题词: | 数学物理方法--shu xue wu li fang fa--英文 | |
| 电子资源: | ||
| ISBN: | 978-7-5192-6644-8 | |
| 000 | 00994nam0 2200277 450 | |
| 001 | 2064984664 | |
| 005 | 20201105180311.93 | |
| 010 | @a978-7-5192-6644-8@dCNY59.00 | |
| 100 | @a20191111e2019 em y0chiy50 ba | |
| 101 | 0 | @aeng |
| 102 | @aCN@b110000 | |
| 105 | @aa z 001yy | |
| 200 | 1 | @aMathematical physics@fRobert Geroch |
| 205 | @a影印版 | |
| 210 | @a北京@c世界图书出版有限公司北京分公司@d2019.09 | |
| 215 | @a351页@c图@d24cm | |
| 312 | @a中文题名取自版权页 | |
| 314 | @a责任者规范汉译姓: 杰勒西 | |
| 320 | @a有索引 | |
| 330 | @a本书是对诸如群、向量空间、拓扑空间、度量空间和希尔伯特空间等基本数学结构的导论, 这些数学结构是学习相对论、粒子物理学和天体物理学等理论物理的数学基础。作者使用范畴论来强调不同数学结构之间的相互关系与数学的统一性。 | |
| 510 | 1 | @a数学物理@zchi |
| 606 | 0 | @a数学物理方法@Ashu xue wu li fang fa@x英文 |
| 690 | @aO411.1@v5 | |
| 701 | 1 | @a杰勒西@Ajie le xi@g(Geroch, Robert)@4著 |
| 801 | 0 | @aCN@b人天书店@c20201001 |
| 905 | @aZUCC@dO411.1@eJ703 | |
| Mathematical physics/Robert Geroch.-影印版.-北京:世界图书出版有限公司北京分公司,2019.09 |
| 351页:图;24cm |
| ISBN 978-7-5192-6644-8:CNY59.00 |
| 本书是对诸如群、向量空间、拓扑空间、度量空间和希尔伯特空间等基本数学结构的导论, 这些数学结构是学习相对论、粒子物理学和天体物理学等理论物理的数学基础。作者使用范畴论来强调不同数学结构之间的相互关系与数学的统一性。 |
| ● |
| 相关链接 |
|
|
|
正题名:Mathematical physics
索取号:O411.1/J703
 
预约/预借
| 序号 | 登录号 | 条形码 | 馆藏地/架位号 | 状态 | 备注 |
| 1 | 1480300 | 214803006 | 自科库401/401自科库 57排3列2层/ [索取号:O411.1/J703] | 在馆 | |
| 2 | 1480301 | 214803015 | 自科库401/401自科库 57排3列2层/ [索取号:O411.1/J703] | 在馆 |